000 00783nam a2200217Ia 4500
005 20241129105920.0
008 241129s9999||||xx |||||||||||||| ||und||
020 _a978-93-93768-78-0
037 _aTB
040 _aARTS
_bhin
_cARTS
041 _ahin
_2hin
084 _aO152,1N468:g R2
_qARTS
100 _aत्रिपाठी, अनिल, ले.
245 0 _aकवि की वर्तनी: राजेश जोशी पर एकाग्र
_cत्रिपाठी, अनिल, ले.
260 _aनई दिल्ली, भारत
_bराजकमल प्रकाशन
_c2022
300 _a255पृ0
365 _aINR
_b895
650 _aHindi Poetry
_97134
942 _cTB
_hO152,1N468:g R2
999 _c1226565
_d1226565